| 000 | 00469 a2200193 4500 | ||
|---|---|---|---|
| 005 | 20260121163444.0 | ||
| 008 | 260121b |||||||| |||| 00| 0 eng d | ||
| 020 |
_a9798898486105 _c$ 150.00 |
||
| 040 | _aMAIN | ||
| 082 |
_a571.6 _bM691E |
||
| 100 | _aMistry, Patton | ||
| 245 | _aEssential cell biology | ||
| 260 |
_bCell Publishing _c2026 _aWyoming |
||
| 300 | _a140 | ||
| 650 | _aBiology | ||
| 650 | _aCell Biology | ||
| 650 | _aCell Culture | ||
| 942 | _cBK | ||
| 999 |
_c394105 _d394105 |
||